| 000 | 00793nam a2200253 a 4500 | ||
|---|---|---|---|
| 001 | BRCA_4767 | ||
| 005 | 20190320204809.0 | ||
| 008 | 081010s1942----mx-a######---#000-0#spa-# | ||
| 041 | _aspa | ||
| 044 | _amx | ||
| 050 | 4 |
_aG23 _b.M46 1942 |
|
| 245 | 1 | 0 | _aMemorias y revista de la Academia Nacional de Ciencias Antonio Alzate. |
| 260 |
_aMéxico _bCultura _c1942 |
||
| 300 |
_a274 p. _bil., retratos _c23 cm. |
||
| 500 | _aTomo 55 Núms. 7-9 | ||
| 500 | _aRevista catalogada por Banco de México como libro | ||
| 500 | _aEstado físico: Libro deteriorado | ||
| 500 | _aCFG51 | ||
| 504 | _aBibliografía: p. 271-279 | ||
| 610 | 2 | 4 |
_aAcademia Nacional de Ciencias Antonio Alzate _912047 |
| 650 | 1 | 4 |
_aAcademias, sociedades doctas, etc. _zMéxico _912048 |
| 902 | _aGFM | ||
| 942 |
_2lcc _cB |
||
| 999 |
_c4464 _d4464 |
||